Zmeny v daňovom bonuse na deti v roku 2025

Prijatím zákona č. 278/2024 Z. z., ktorým sa menia a dopĺňajú niektoré zákony v súvislosti s ďalším zlepšovaním stavu verejných financií (tzv. konsolidačný balíček), sa menia aj podmienky nároku na daňový bonus na dieťa vo viacerých bodoch uvedených v § 33 zákona č. 595/2003 Z. z. o dani z príjmov v...

ver descrição completa

Na minha lista:
Detalhes bibliográficos
Autor principal: Stanley, Renáta, 1981-
Formato: Capítulo de Livro
Idioma:eslovaco
Assuntos:
Tags: Adicionar Tag
Sem tags, seja o primeiro a adicionar uma tag!

MARC

LEADER 00000naa a2200000 4500
001 0307473
005 20250304141541.9
041 0 |a slo 
044 |a SK 
245 1 0 |a Zmeny v daňovom bonuse na deti v roku 2025  |c Renáta Stanley 
520 |a Prijatím zákona č. 278/2024 Z. z., ktorým sa menia a dopĺňajú niektoré zákony v súvislosti s ďalším zlepšovaním stavu verejných financií (tzv. konsolidačný balíček), sa menia aj podmienky nároku na daňový bonus na dieťa vo viacerých bodoch uvedených v § 33 zákona č. 595/2003 Z. z. o dani z príjmov v znení neskorších predpisov (ďalej len „zákon o dani z príjmov“). Sumy daňového bonusu a nové vekové hranice. Podmienky uplatnenia nároku na daňový bonus. Výpočet daňového bonusu. 
610 2 0 |a bonus daňový 
610 2 0 |a deti 
610 2 0 |a legislatíva 
100 1 |a Stanley, Renáta, 1981-